| 000 | 01378nam a2200337 a 4500 | ||
|---|---|---|---|
| 001 | ebr10528246 | ||
| 003 | CaPaEBR | ||
| 006 | m u | ||
| 007 | cr cn||||||||| | ||
| 008 | 110728s2012 mau sb 001 0 eng d | ||
| 010 | _z 2011031504 | ||
| 020 | _z9780262017237 (hardcover alk. paper) | ||
| 020 | _z9780262301701 (e-book) | ||
| 040 |
_aCaPaEBR _cCaPaEBR |
||
| 035 | _a(OCoLC)776202541 | ||
| 050 | 1 | 4 |
_aJC423 _b.O67 2012eb |
| 082 | 0 | 4 |
_a321.8 _223 |
| 100 | 1 | _aOppenheimer, Danny. | |
| 245 | 1 | 0 |
_aDemocracy despite itself _h[electronic resource] : _bwhy a system that shouldn't work at all works so well / _cDanny Oppenheimer and Mike Edwards. |
| 260 |
_aCambridge, Mass. : _bMIT Press, _c2012. |
||
| 300 | _a245 p. | ||
| 504 | _aIncludes bibliographical references and index. | ||
| 505 | 0 | _apt. 1. Democracy is crazy -- pt. 2. Restoring some sanity. | |
| 533 |
_aElectronic reproduction. _bPalo Alto, Calif. : _cebrary, _d2011. _nAvailable via World Wide Web. _nAccess may be limited to ebrary affiliated libraries. |
||
| 650 | 0 |
_aDemocracy _xPsychological aspects. |
|
| 650 | 0 |
_aVoting _xPsychological aspects. |
|
| 655 | 7 |
_aElectronic books. _2local |
|
| 700 | 1 |
_aEdwards, Mike, _d1978- |
|
| 710 | 2 | _aebrary, Inc. | |
| 856 | 4 | 0 |
_uhttp://site.ebrary.com/lib/rucke/Doc?id=10528246 _zAn electronic book accessible through the World Wide Web; click to view |
| 999 |
_c145451 _d145451 |
||